000 00810pam a2200289 i 4500
999 _c8670
_d8670
001 8670
003 BD - JhCC
005 20180716183545.0
008 180716s1958 nyua b 001 0 eng
035 _a(BD - JhCC)8670
035 _a(OCoLC)02318087
035 _aGLIS00032122
040 _aDLC
_cDLC
_dMYG
_dBD - JhCC
041 _aeng
082 _bPRI 1958
_a332
090 _aHG1586
_b.C967 1977
099 _aHG1586.C967 1977
100 _aPritchard, Leland J.
245 1 0 _aMoney and banking /
_c Leland J. Pritchard,
260 _aBoston :
_bHoughton Mifflin,
_c1958.
300 _axvii, 587 p. :
_bill. ;
_c24 cm.
504 _aIncludes bibliographies and index.
650 0 _aBanks and banking.
650 0 _aMoney.
942 _2ddc
_cBK